[Event "NED-ch U14"]
[Site "Almelo"]
[Date "2021.08.06"]
[Round "8"]
[White "Ramdien, Steven"]
[Black "Blom, Rens"]
[Result "0-1"]
[WhiteElo "1589"]
[BlackElo "1650"]
[PlyCount "56"]
[EventDate "2021.08.01"]
[EventType "swiss"]
[EventRounds "9"]
[EventCountry "NED"]
[SourceTitle "EXT 2022"]
[Source "ChessBase"]
[SourceDate "2021.10.06"]
[SourceVersion "1"]
[SourceVersionDate "2021.10.06"]
[SourceQuality "1"]

1. e4 d6 2. d4 Nf6 3. Nc3 g6 4. Bg5 Bg7 5. Bc4 0-0 6. Qd2 c6 7. f3 b5 8. Bb3 a5 9. a3 a4 10. Ba2 Qa5 11. g4 c5 12. d5 b4 13. Nge2 bxc3 14. Nxc3 Nbd7 15. h4 Ne5 16. Rh3 Rb8 17. h5 gxh5 18. Bh6 Rxb2 19. Bxg7 Kxg7 20. 0-0-0 Rb7 21. Rg1 Kh8 22. g5 Nxe4 23. fxe4 Bxh3 24. Rg3 Bg4 25. Qf4 Ng6 26. Qf2 f6 27. Ne2 fxg5 28. Qg2 Qe1# 0-1

[Event "NED-ch U14"]
[Site "Almelo"]
[Date "2021.08.04"]
[Round "5"]
[White "Ramdien, Steven"]
[Black "Krylov, Philippe"]
[Result "0-1"]
[WhiteElo "1589"]
[BlackElo "1339"]
[PlyCount "133"]
[EventDate "2021.08.01"]
[EventType "swiss"]
[EventRounds "9"]
[EventCountry "NED"]
[SourceTitle "EXT 2022"]
[Source "ChessBase"]
[SourceDate "2021.10.06"]
[SourceVersion "1"]
[SourceVersionDate "2021.10.06"]
[SourceQuality "1"]

1. e4 c6 2. d4 d5 3. exd5 cxd5 4. Bd3 Nc6 5. c3 Nf6 6. Bf4 Bg4 7. Qc2 e6 8. Nd2 Be7 9. Ngf3 Rc8 10. h3 Bh5 11. 0-0 0-0 12. Bg5 Nb4 13. Qb1 Nxd3 14. Qxd3 a6 15. Ne5 Nd7 16. Bxe7 Qxe7 17. Ndf3 Nxe5 18. Nxe5 Bg6 19. Nxg6 hxg6 20. f4 b5 21. Rae1 Qd6 22. Qf3 b4 23. Rc1 bxc3 24. bxc3 Rc4 25. Rc2 Rfc8 26. Rfc1 R8c6 27. Qe3 Qc7 28. g3 Qb7 29. Kf2 Rb6 30. Ke2 Rb2 31. Qd2 Rxc2 32. Qxc2 Qb5 33. Ke3 Qa5 34. Qb3 Kh7 35. g4 Ra4 36. Rc2 Ra3 37. Qb2 Qa4 38. h4 Qa5 39. h5 gxh5 40. gxh5 Ra4 41. h6 Rc4 42. hxg7 Kxg7 43. Kf3 Qc7 44. Rc1 Qc8 45. Qd2 Kf6 46. Qe3 Ke7 47. Ke2 Qh8 48. Qg3 Qh5+ 49. Ke3 Qf5 50. Qg5+ Qxg5 51. fxg5 Kf8 52. Kf4 Kg7 53. Ke5 Kg6 54. Kf4 Rc6 55. Rc2 a5 56. Rc1 a4 57. Rc2 a3 58. Rc1 Rb6 59. c4 dxc4 60. Rxc4 Rb2 61. Ra4 Rxa2 62. Ra6 Ra1 63. Ke3 Kxg5 64. Ra5+ Kg6 65. Ra6 a2 66. Kd2 Rh1 67. Kd3 0-1